Jugadores del Atlético de Madrid y F.C Barcelona (S. XXI) - Estadísticas

Estadísticas generales
  • Esta prueba ha sido intentada 90 veces
    44 desde el último reinicio
  • La puntuación promedio es 7 de 13
Estadísticas de respuestas
Periodo Atlético Periodo Barca Respuesta % Correcto
2014-2019, 2022-2026 2019-2022 Antoine Griezmann
100%
2013-2014 2010-2013 David Villa
95%
2020-2021 2014-2019 Luis Suárez
90%
2011-2015 2015-2018 Arda Turan
86%
2024-2026 2018-2022 Clément Lenglet
86%
2023-2024 2021-2023 Memphis Depay
60%
2019-2023 2023-2024 João Félix
52%
2006-2011 2021-2022 Kun Agüero
43%
2007-2008 2001-2007 Thiago Motta
19%
2002-2003, 2007-2009 2003-2004 Luis García
12%
2002-2005 1993-2002 Sergi Barjuan
10%
2002-2003 2005 Demetrio Albertini
7%
2007-2011 1999-2001 Simão Sabrosa
5%
No se encontraron pruebas coincidentes
Distribución de puntuación
Porcentaje de gente con cada puntuación
Porcentaje por número respondido
Historial de tus puntuaciones
No has intentado esta prueba desde el último reinicio